| 000 | 00538nam a2200193 4500 | ||
|---|---|---|---|
| 001 | 115825 | ||
| 003 | ES-MaACL | ||
| 005 | 20230906190552.0 | ||
| 007 | t| | ||
| 008 | 061121s1936 fr r ||||1| fre d | ||
| 100 | 1 |
_aOre, Oystein. _987215 |
|
| 245 | 1 | 2 |
_aL'Algébre abstraite / _cOystein Ore. |
| 260 |
_aParís : _bHermann, _c1936. |
||
| 300 |
_a52 p. ; _c26 cm. |
||
| 490 | 1 | _aExposés d'analyse générale | |
| 830 | 0 |
_aExposés d'analyse générale _9233276 |
|
| 852 |
_aES-MaACL _j1971-F-6 _bR.37296 |
||
| 999 |
_c115825 _d115825 |
||